Eterno resplandor de una mente sin recuerdos

Joel recibe un terrible golpe cuando descubre que su novia Clementine ha hecho que borren de su memoria todos los recuerdos de su tormentosa relación. Desesperado, se pone en contacto con el creador del proceso, el Dr. Howard Mierzwiak, para que borre a Clementine de su memoria. Pero cuando los recu...

Descripción completa

Guardado en:
Autor Principal: Michel Gondry.
Autor Corporativo: Anonymous Content.
Otros Autores: Kaufman, Charlie; Guion., Carrey, Jim; Reparto., Winslet, Kate; Reparto.
Formato: Deslizar
Idioma:Undetermined
Publicado: Estados Unidos : Focus Features, 2004.
Materias:
Etiquetas: Agregar Etiqueta
Sin Etiquetas, Sea el primero en etiquetar este registro!
LEADER 01371ngm a22002415a 4500
001 CEM.cems020588
008 231026s2004####xx#---############vlund#d
005 20231026203452.0
245 1 0 |a Eterno resplandor de una mente sin recuerdos  |h [videograbación] /  |c Michel Gondry. 
260 |a Estados Unidos :  |b Focus Features,  |c 2004. 
300 |a 104'. 
520 |a Joel recibe un terrible golpe cuando descubre que su novia Clementine ha hecho que borren de su memoria todos los recuerdos de su tormentosa relación. Desesperado, se pone en contacto con el creador del proceso, el Dr. Howard Mierzwiak, para que borre a Clementine de su memoria. Pero cuando los recuerdos de Joel empiezan a desaparecer de pronto redescubre su amor por Clementine. Desde lo más profundo de su cerebro intentará parar el proceso. 
590 |a Identificación anterior: 247 
538 |a Soporte: DVD -- Formato: AVI – Peso: 697mb -- Resolución: 576 x 304 -- 23.98 fps 
500 |a Título original: Eternal Sunshine of the Spotless Mind – Idioma: Inglés – Subtítulos: Español. 
100 1 |a Michel Gondry. 
700 1 |a Kaufman, Charlie; Guion. 
700 1 |a Carrey, Jim; Reparto. 
700 1 |a Winslet, Kate; Reparto. 
710 2 |a Anonymous Content. 
653 |a LARGOMETRAJE 
653 |a FICCIÓN 
859 |a CEMS  |b BIB. CEMS - Depto. Recursos Didacticos  |h 778.5  |i GON  |k DRD  |p 3191.23  |t Ej.1